[Event "BL 2017-18"]
[Site "Germany"]
[Date "2018.02.25"]
[Round "10"]
[White "Hracek, Zbynek"]
[Black "Bromberger, Stefan"]
[Result "1-0"]
[WhiteElo "2583"]
[BlackElo "2482"]
[Annotator "TA"]
[PlyCount "67"]
[EventDate "2018.05.24"]
[EventType "team-tourn"]
[EventCountry "GER"]
[SourceTitle "playchess.com"]
[Source "ChessBase"]
[SourceQuality "1"]
[WhiteTeam "Werder Bremen"]
[BlackTeam "Zugzwang Muenchen"]

{[%evp 15,67,0,21,4,24,9,13,0,0,0,17,10,10,20,121,97,116,79,97,102,92,0,0,0,0,0,0,0,0,-89,-78,-114,0,-6,-21,-55,21,0,0,0,8,8,8,8,118,67,384,382,387,366,29961,-8,0,-804]} 1. e4 c5 2. Nf3 d6 3. d4 cxd4 4. Nxd4 Nf6 5. Nc3 a6 6. Be2 e6 7. Be3 Qc7 8. Qd2 b5 9. a3 {B84: Sicilian Scheveningen: 6 Be2 a6, lines without early Be3} (9. f3 Nbd7 10. a3 h5 11. O-O Bb7 12. Rfd1 d5 13. exd5 Nxd5 14. Nxd5 Bxd5 15. Bf4 Bd6 16. Bxd6 Qxd6 {½-½ (29) Wei,Y (2740)-Ivanchuk,V (2732) Hoogeveen 2017}) 9... Bb7 10. f3 Nc6 11. g4 {[%cal Bg2g4,Bg4g5][%mdl 32]} h6 12. O-O-O b4 $146 ({Predecessor:} 12... d5 13. exd5 Nxd4 14. Bxd4 Nxd5 15. Nxd5 Bxd5 16. Kb1 f6 {½-½ (37) Stepanov,V (2197)-Cilloniz Razzeto,A (2372) ICCF email 2014}) 13. axb4 Nxb4 14. h4 d5 (14... e5 $1 $11) 15. g5 $16 Nh5 16. exd5 Bxd5 17. Kb1 Be7 18. Rhg1 (18. gxh6 $16 gxh6 19. Bxh6) 18... hxg5 $11 19. hxg5 g6 20. f4 {And now f5 would win.} Qa5 $1 21. b3 Rc8 22. Na4 (22. Kb2 $1 $11 {keeps the balance.}) 22... Be4 $17 23. Kb2 Bf8 (23... O-O $1 $17 {White must now prevent ...Bxc2.} 24. c4 Rfd8) 24. Nc3 $11 {Hoping for Ra1.} Bg7 25. Ra1 Qd8 (25... Qb6 $15 26. Rxa6 Nxa6 27. Nxe4 Nc5 28. Bb5+ Kf8 29. Nxc5 Rxc5) 26. Ra4 {[#]} Rxc3 $1 {[%mdl 512]} 27. Qxc3 (27. Kxc3 Nxc2) 27... Nxf4 {aiming for ...Nfd5.} 28. Qxb4 ({Not} 28. Bxa6 $2 Nfd5 $19) 28... Nxe2 29. Rd1 Rh2 (29... Rh3 $11 30. Ka3 Bxd4 31. Bxd4 Bxc2) 30. Rd2 ({White should try} 30. Ka3 $16 {Threatens to win with Nxe6!} Nxd4 31. Bxd4) 30... Qc7 $2 {[%mdl 8192]} ({Black should play} 30... Nxd4 $14 31. Bxd4 Bxd4+ 32. Rxd4 Rxc2+ 33. Ka3 Qc8) 31. Rxa6 $18 Nxd4 32. Bxd4 Qxc2+ $2 (32... Rxd2 $18 33. Qxd2 Bxd4+ 34. Qxd4 Qxc2+ 35. Ka3 Qc1+ 36. Kb4 Bb7) 33. Ka3 $2 (33. Rxc2 {mates} Rxc2+ 34. Ka3 Bf8 35. Rd6 $1 {[%mdl 512]} Rc8 36. Bf6 Bc6 37. Kb2 $1 {[%mdl 512]} Bd7 38. Qd4) 33... Bf8 {[#]} 34. Rd6 $2 {[%mdl 40960] Precision: White = 40%, Black = 35%. . Loss on Time!?} (34. Qxf8+ $1 $11 {[%mdl 512]} Kxf8 35. Rxc2 Rxc2 36. b4) 1-0

[Event "BL 2017-18"]
[Site "Germany"]
[Date "2018.02.25"]
[Round "10"]
[White "Spoelman, Wouter"]
[Black "Zysk, Robert"]
[Result "0-1"]
[WhiteElo "2578"]
[BlackElo "2416"]
[Annotator "TA"]
[PlyCount "90"]
[EventDate "2018.05.24"]
[EventType "team-tourn"]
[EventCountry "GER"]
[SourceTitle "playchess.com"]
[Source "ChessBase"]
[SourceQuality "1"]
[WhiteTeam "Werder Bremen"]
[BlackTeam "Zugzwang Muenchen"]

{[%evp 15,90,22,33,24,45,37,46,52,42,45,45,51,71,70,73,61,66,70,70,60,123,131,125,108,112,51,56,20,20,32,38,29,32,18,20,0,0,0,12,0,0,-9,0,-22,-13,-41,-25,-129,-143,-200,-186,-493,-514,-576,-551,-593,-152,-185,-68,-68,-29,-283,-263,-800,-792,-792,-792,-944,-927,-822,-782,-2069,-1819,-29982,-29983,-29990,-29991]} 1. d4 e6 2. c4 Bb4+ 3. Nd2 c5 4. a3 Bxd2+ 5. Qxd2 cxd4 6. Nf3 Nf6 7. Nxd4 O-O 8. e3 {E11: Bogo-Indian} Nc6 {LiveBook: 4 Games} (8... d5 9. cxd5 Qxd5 10. Nb5 Qc6 11. f3 a6 12. Nc3 e5 13. e4 Nbd7 14. Qf2 Nc5 15. Be3 Nb3 {½-½ (43) Kasparov,G (2812)-Short,N (2664) Saint Louis 2015}) 9. b4 a5 10. Bb2 {White is slightly better.} axb4 11. axb4 Rxa1+ 12. Bxa1 d5 13. c5 Re8 $146 ({Predecessor:} 13... Bd7 14. Be2 Qa8 15. O-O Qa4 16. Nxc6 bxc6 {1-0 (77) Mkrtchian,L (2395)-Olarasu,G (2311) Dresden 2004}) 14. Bd3 Ne4 15. Nxc6 bxc6 16. Qc2 e5 17. O-O Qg5 (17... Qc7 $14) 18. b5 $1 $16 cxb5 19. Bxb5 Rf8 20. f4 (20. Rc1 $16) 20... exf4 $14 21. exf4 Qe7 22. Bd4 Bf5 {next ...Ng3! is good for Black.} 23. Bd3 Rc8 24. Rb1 h6 25. g3 Qd7 26. Rb6 f6 27. c6 Qd6 28. Kg2 Rc7 29. Bb2 Qe6 30. Ba3 h5 {[%cal Bh6h5,Bh5h4,Bh4h3][%mdl 32]} 31. Ra6 {[#]} (31. Bb4 $11 {remains equal.}) 31... h4 $1 $17 32. Ra8+ ({Of course not} 32. gxh4 Qe8 $15) (32. Bb4 $17) 32... Kh7 $19 33. Qe2 $2 (33. Ra6) 33... Bg4 34. Qe3 h3+ 35. Kg1 Rxc6 $2 (35... Qxc6 $19 {is more deadly.} 36. Ra5 Kh6) 36. Ra5 {[#]} f5 (36... Rc3 $1 $19 37. Bc5 Rb3) 37. Bb2 $1 $15 Rc7 (37... Rb6 $5 {[%cal Rb6b2]} 38. Be5 Rb7 $11) 38. Ra6 $2 {[%mdl 8192]} (38. Ra7 $1 $11 {and White is okay.} d4 39. Bxd4 (39. Qxd4 $2 Nd2 $19) 39... Rxa7 40. Bxa7) 38... Qe7 $19 39. Qb6 $2 (39. Be5 Nc5 40. Ra1) 39... Qc5+ 40. Qxc5 Nxc5 41. Ra3 Nxd3 42. Rxd3 Rc2 {Threatens to win with ...Rg2+.} 43. Rb3 Rg2+ 44. Kh1 Bd1 45. Rb7 Bf3 {Precision: White = 33%, Black = 57%.} 0-1

[Event "BL 2017-18"]
[Site "Germany"]
[Date "2018.02.25"]
[Round "10"]
[White "Buhmann, Rainer"]
[Black "Parvanyan, Ashot"]
[Result "1-0"]
[WhiteElo "2564"]
[BlackElo "2374"]
[Annotator "TA"]
[PlyCount "95"]
[EventDate "2018.05.24"]
[EventType "team-tourn"]
[EventCountry "GER"]
[SourceTitle "playchess.com"]
[Source "ChessBase"]
[SourceQuality "1"]
[WhiteTeam "Hockenheim"]
[BlackTeam "Norderstedt"]

{[%evp 22,95,41,28,20,26,45,30,54,42,60,56,104,112,118,75,128,110,120,101,114,81,107,99,117,80,77,69,77,61,64,66,66,67,66,66,69,21,69,69,69,69,69,69,91,91,127,131,120,130,266,268,248,248,268,248,593,320,286,248,416,416,1277,1271,29982,29971,29989,29990,29989,29990,29990,29991,29991,29992,29992,29993]} 1. d4 Nf6 2. c4 g6 3. Nc3 Bg7 4. e4 d6 5. Be2 O-O 6. Be3 c5 7. d5 e6 8. Nf3 {E73: King's Indian: Averbakh Variation without 6...c5} exd5 9. cxd5 Bg4 10. Nd2 Bxe2 11. Qxe2 a6 12. a4 {LiveBook: 3 Games} Nbd7 13. O-O Ne8 14. f4 $146 ({Predecessor:} 14. a5 Nc7 15. Ra3 Qe7 16. Rb3 Rab8 {1-0 (34) Reshevsky,S (2485)-Karl,H (2310) Lugano 1985}) 14... Qe7 15. Rae1 Rb8 16. Kh1 f6 17. Nc4 Nc7 18. f5 g5 ({Black should play} 18... Rf7) 19. Bf2 Ne5 20. a5 Kh8 21. Na4 {[%cal Bc3a4,Ba4b6,Bb6c4][%mdl 32]} Nb5 22. Nab6 Rf7 23. Qd2 Bf8 24. h3 Re8 25. Re2 h5 26. Nxe5 Qxe5 27. Nc4 Qe7 $1 28. Qd3 Qd8 29. g4 h4 30. Kg2 $36 {[%mdl 2048] Black is under pressure.} Bg7 31. Rc1 {[%cal Bf1c1,Bc1c4,Bc4b4][%mdl 32]} Rfe7 32. Nb6 Re5 33. Rc4 Qe7 34. b4 cxb4 35. Rxb4 Qf8 (35... Qd8 $16 36. Rc4 Qe7) 36. Nd7 $18 Qe7 37. Nxe5 Qxe5 38. Rc4 Qa1 $2 (38... Qe7 39. Bd4 Kh7) 39. Qd2 Qe5 40. Qb2 Qf4 $2 (40... Qe7 {was necessary.} 41. Rec2 Kh7) 41. Rb4 {[#] Black must now prevent e5.} Rc8 (41... Qe5 $142 42. Qxe5 dxe5) 42. e5 {[%cal Be4e5,Be5f6,Bf6g7][%mdl 32]} Rc4 43. exf6 {White mates.} Nd4 44. fxg7+ Kh7 {[#]} 45. Qxd4 $1 Rxd4 46. Rxd4 Qc1 47. f6 {[%cal Bf5f6,Bf6f7][%mdl 32]} Qc8 48. f7 {Precision: White = 58%, Black = 37%.} 1-0

[Event "BL 2017-18"]
[Site "Germany"]
[Date "2018.02.25"]
[Round "10"]
[White "Wagner, Dennis"]
[Black "Kopylov, Michael"]
[Result "1-0"]
[WhiteElo "2564"]
[BlackElo "2424"]
[Annotator "TA"]
[PlyCount "61"]
[EventDate "2018.05.24"]
[EventType "team-tourn"]
[EventCountry "GER"]
[SourceTitle "playchess.com"]
[Source "ChessBase"]
[SourceQuality "1"]
[WhiteTeam "Hockenheim"]
[BlackTeam "Norderstedt"]

{[%evp 9,61,39,38,37,43,0,14,5,9,0,30,37,30,22,25,0,6,2,6,0,0,0,0,0,0,0,0,0,3,-19,-19,-21,0,-1,2,0,6,0,1,0,0,-58,62,58,81,77,115,112,109,105,29986,29987,29985,29984]} 1. d4 d5 2. c4 e6 3. Nc3 c6 {[%cal Bc7c6,Bc6c5][%mdl 32]} 4. e4 Bb4 5. cxd5 exd5 6. e5 {D31: Queen's Gambit Declined: Semi-Slav without ...Nf6 (+ Marshall Gambit and Noteboom) and Exchange Variation lines without ...Nf6} c5 7. Bb5+ (7. a3 Bxc3+ 8. bxc3 Nc6 9. Nf3 Nge7 10. Be2 O-O 11. O-O cxd4 12. cxd4 h6 13. Bd2 Bf5 {½-½ (27) So,W (2719)-Nakamura,H (2789) Wijk aan Zee 2014}) 7... Nc6 8. Nge2 {The position is equal.} Nge7 9. a3 $146 ({Predecessor:} 9. O-O O-O 10. Bxc6 Nxc6 11. dxc5 Bg4 12. f3 Bxc5+ 13. Kh1 {½-½ (29) Vogt,L (2423)-Graf,F (2341) Germany 2011}) 9... cxd4 10. axb4 dxc3 11. bxc3 O-O 12. Bf4 Ng6 13. Bxc6 bxc6 14. O-O Re8 15. Re1 a5 16. Bg3 Bg4 17. h3 Bxe2 18. Qxe2 axb4 19. Rxa8 Qxa8 20. cxb4 Qa4 21. Qd2 Qb3 22. Kh2 h6 23. Qd4 Qc2 24. Re3 Qb1 25. Qb6 ({White should play} 25. Qd2 $11) 25... Qc1 (25... Ra8 $1 $15 26. f3 (26. e6 $2 Ra1 $19) 26... Qc2) 26. b5 $14 {aiming for e6.} cxb5 27. Qxb5 Ra8 {Strongly threatening ...Ra1.} 28. e6 fxe6 29. Rxe6 Ra1 $2 {[%mdl 8192] [#]} (29... Nf4 $16 30. Re7 Kh8 31. Rxg7 (31. Rf7 Ng6 $18) 31... Ra1 32. Bxf4 Qxf4+ 33. Rg3 Ra8 34. Qxd5 Re8) 30. Qe8+ Nf8 31. Bd6 {Precision: White = 57%, Black = 47%.} 1-0

[Event "BL 2017-18"]
[Site "Germany"]
[Date "2018.02.25"]
[Round "10"]
[White "Le Roux, Jean-Pierre"]
[Black "Vogel, Roven"]
[Result "0-1"]
[WhiteElo "2555"]
[BlackElo "2437"]
[Annotator "TA"]
[PlyCount "80"]
[EventDate "2018.05.24"]
[EventType "team-tourn"]
[EventCountry "GER"]
[SourceTitle "playchess.com"]
[Source "ChessBase"]
[SourceQuality "1"]
[WhiteTeam "Schwaebisch Hall"]
[BlackTeam "Dresden"]

{[%evp 9,80,-21,-1,0,9,-55,-36,-31,-45,-49,-54,-65,-56,-58,-67,-61,-68,-66,-40,-56,-43,-41,-33,-42,-32,-45,-52,-67,-78,-62,-66,-115,-118,-121,-107,-115,-117,-169,-145,-176,-117,-138,-129,-137,-121,-201,-204,-219,-224,-231,-175,-167,-59,-212,-212,-211,-224,-234,-222,-313,-321,-397,-146,-745,-215,-220,-214,-249,-202,-268,-256,-937,-936]} 1. e4 c6 2. Ne2 d5 3. e5 d4 (3... Bg4 4. f3 Bd7 5. d4 e6 6. Be3 c5 7. c3 Nc6 8. Qd2 cxd4 9. cxd4 f6 10. f4 Nh6 11. Nbc3 {0-1 (57) Mamedov,R (2709)-Artemiev,V (2691) Huaian 2017}) 4. b4 Qd5 5. Bb2 c5 6. bxc5 {B10: Caro-Kann-Verteidigung} Nc6 7. d3 (7. Na3 $11) 7... Qxc5 {Und ...Db4+ würde nun gewinnen.} 8. c3 {[%cal Rc3d4] Schwarz steht etwas besser.} Qxe5 9. cxd4 Qa5+ 10. Nbc3 $146 ({Vorgänger:} 10. Bc3 Qd8 11. Nd2 {1-0 (25) Vlachos,A (2160)-Gloser,D (1900) Prague 2016}) 10... Nf6 11. g3 Bg4 12. Bg2 {[#]} Nxd4 $1 {[%mdl 512]} 13. O-O (13. Nxd4 Bxd1) 13... e6 14. h3 Bf3 15. Bxf3 Nxf3+ 16. Kg2 Ne5 $1 $36 {[%mdl 2048] Weiss steht unter Druck.} 17. Ne4 Ned7 18. Nxf6+ Nxf6 19. Bxf6 gxf6 {[%cal Bg7f6,Bf6f5][%mdl 32]} 20. Qb3 O-O-O 21. Nc3 Kb8 22. Rab1 {[%csl Gb1][%cal Rb3b7]} Qa6 23. Ne4 (23. Nb5 $17) 23... f5 24. Ng5 Rd7 (24... b6 $19 25. Qc4 Qb7+ 26. Nf3 Rg8) 25. Rfc1 {zielt auf Dc3 ab.} Bh6 ({Jedoch nicht} 25... Qxd3 $2 26. Qa4 $16) 26. h4 Rhd8 27. Rc3 (27. Qb2 $17 {war nötig.}) 27... Bg7 $19 28. d4 Bxd4 29. Rc4 h6 30. Nf3 Bb6 (30... Bf6 $19 31. Rbc1 b6) 31. Rbc1 $2 (31. Ne5 $15 Rd2 32. Kh3 Qxa2 33. Qxa2 Rxa2 34. Rbc1) 31... Qa5 32. Qb2 Rc7 33. Rxc7 Bxc7 34. Qf6 (34. Qb3 {war angesagt.}) 34... Qxa2 35. Qxh6 {[#]} Rg8 $2 (35... Bxg3 $1 $19 {[%mdl 512] und Schwarz behält klar die Oberhand.} 36. Rf1 (36. Kxg3 Rg8+) 36... Rg8) 36. Ng5 $2 {[%mdl 8192] [#]} (36. Rxc7 $17 Kxc7 37. Qf6) 36... Qd5+ $2 (36... Bxg3 $1 {[%mdl 512]} 37. Rf1 (37. Kxg3 Qa3+) 37... Bc7) 37. Kh3 f4 {Droht ...Df5+ und aus.} 38. Qh7 Rf8 39. Qg7 Bd6 40. g4 $2 (40. Qh7) 40... f6 {Precision: Weiß = 32%, Schwarz = 63%.} 0-1

[Event "BL 2017-18"]
[Site "Germany"]
[Date "2018.02.25"]
[Round "10"]
[White "Ftacnik, Lubomir"]
[Black "Gurevich, Vladimir"]
[Result "1-0"]
[WhiteElo "2546"]
[BlackElo "2475"]
[Annotator "TA"]
[PlyCount "73"]
[EventDate "2018.05.24"]
[EventType "team-tourn"]
[EventCountry "GER"]
[SourceTitle "playchess.com"]
[Source "ChessBase"]
[SourceQuality "1"]
[WhiteTeam "Hamburg SK"]
[BlackTeam "SV Hofheim"]

{[%evp 26,73,65,43,82,96,98,76,83,84,83,78,71,17,27,20,27,27,31,39,25,29,21,13,14,12,199,180,191,176,201,197,985,949,1084,1078,1057,1054,933,0,0,0,1088,1008,1231,1221,1166,1061,29988,29989]} 1. Nf3 c5 2. c4 Nf6 3. Nc3 e6 4. g3 b6 5. Bg2 Bb7 6. O-O a6 7. Re1 d6 8. e4 Nbd7 9. d4 cxd4 10. Nxd4 Qc7 11. Be3 Be7 12. Rc1 O-O 13. f4 Rac8 14. g4 {[%cal Bg3g4,Bg4g5][%mdl 32]} g6 {A30: Symmetrical English: Double Fianchetto and Hedgehog} (14... Nc5 15. Bf2 g6 16. b4 Ncd7 17. f5 gxf5 18. gxf5 e5 19. Nde2 Kh8 20. Nd5 Nxd5 21. exd5 Rg8 22. Ng3 {1-0 (50) Jumabayev,R (2613)-Marin,M (2576) Almaty 2016}) 15. g5 Nh5 16. f5 Ne5 {White is better.} 17. b3 exf5 {[#]} 18. Nxf5 $1 {[%mdl 512]} Qd8 $146 (18... gxf5 19. Qxh5) ({Predecessor:} 18... Rfe8 19. Nh6+ Kh8 20. Bh3 Bf8 21. Ng4 Rb8 22. Nf6 Nxf6 23. gxf6 {1-0 (58) Seel,C (2234)-Schargorodskij,M (2217) Neumuenster 2000}) 19. h4 (19. Nxe7+ $16 Qxe7 20. Rf1) 19... f6 $11 20. Nd5 $36 {[%mdl 2048] White is more active.} Bxd5 21. Qxd5+ Kh8 22. Nxe7 Qxe7 23. Rcd1 Qd7 $1 {[%cal Rd7g4] With the idea ...Qg4.} 24. Qxd6 Qg4 25. Rf1 {[%cal Rg5f6]} Rfd8 $2 (25... Rce8 $1 $11) 26. Qxd8+ $18 Rxd8 27. Rxd8+ Kg7 28. gxf6+ ({Stronger than} 28. Bxb6 Nf4 $11) 28... Kf7 $2 (28... Nxf6 29. Rd6 (29. Bxb6 Qg3 $14) 29... Nfd7) 29. Bh6 Ng3 30. Rf8+ Ke6 31. Re8+ Kd6 32. Bf8+ $2 (32. Rf2 $18) 32... Kc6 $11 33. Rxe5 Ne2+ $2 {[%mdl 8192]} (33... Nxf1 $11 34. Bh6 Qxh4 35. Re6+ Kc5) 34. Kf2 $18 Nf4 35. Bf3 Qxh4+ 36. Ke3 Qxf6 {[#]} 37. Rc5+ $1 {[%mdl 512] Precision: White = 73%, Black = 44%.} 1-0

[Event "BL 2017-18"]
[Site "Germany"]
[Date "2018.02.25"]
[Round "10"]
[White "Handke, Florian"]
[Black "Hoolt, Sarah"]
[Result "1/2-1/2"]
[WhiteElo "2533"]
[BlackElo "2400"]
[Annotator "TA"]
[PlyCount "143"]
[EventDate "2018.05.24"]
[EventType "team-tourn"]
[EventCountry "GER"]
[SourceTitle "playchess.com"]
[Source "ChessBase"]
[SourceQuality "1"]
[WhiteTeam "Aachen"]
[BlackTeam "Speyer"]

{[%evp 24,143,6,4,12,8,31,-2,15,25,31,40,35,34,44,38,58,58,47,58,62,52,79,38,102,99,105,104,120,120,151,159,164,165,164,171,201,192,275,212,259,214,240,184,243,159,254,183,176,192,272,270,265,253,258,231,234,236,165,26,31,25,35,33,29,0,0,0,0,0,0,0,0,0,0,0,9,0,9,0,0,0,0,0,0,0,0,0,0,0,0,0,0,0,0,0,0,0,0,0,0,0,0,0,0,0,0,0,0,0,12842,0,0,0,0,0,0,0,0,0,0,0]} 1. e4 e6 2. d4 d5 3. Nc3 Nf6 4. e5 Nfd7 5. f4 c5 6. Nf3 Nc6 7. Be3 Be7 8. Qd2 O-O 9. Be2 {C11: French: Classical System: 4 e5 and 4 Bg5 dxe4} b6 10. Nd1 cxd4 11. Nxd4 Nxd4 12. Bxd4 Nb8 13. O-O {LiveBook: 16 Games} Nc6 14. Bf2 Bb7 $146 ({Predecessor:} 14... f6 15. exf6 Bxf6 16. c3 Qd6 {0-1 (45) Alekseev,E (2616)-Christiansen,J (2495) Riadh 2017}) 15. Bb5 Rc8 16. Bxc6 Rxc6 17. Bd4 f5 18. exf6 Bxf6 19. Ne3 Qd6 20. c3 Bxd4 21. Qxd4 Rc7 22. g3 Re8 23. Rfe1 Qd8 ({Black should try} 23... Rc5 $14) 24. Rad1 $16 Qc8 25. Rd2 Ba6 26. Qe5 d4 27. Qxd4 ({But not} 27. Rxd4 $6 Rc5 $14) 27... Bb7 28. Ng4 Ba8 29. h4 {[%cal Bh2h4,Bh4h5][%mdl 32]} Qb7 {[#] ( -> ...Qh1+)} 30. Kh2 h6 (30... Qc8 {is a better defense.} 31. Ne5 Bd5) 31. Ne5 Rf8 32. h5 Qc8 33. Qd6 Re8 (33... Rf5 $142) 34. Ng6 {Threatens to win with f5!} Kh7 (34... Bc6 $16) 35. Red1 Rc5 36. Ne5 Rd5 (36... Bd5 $142 37. a3 Kg8) 37. Rxd5 $18 Bxd5 38. c4 b5 39. c5 b4 {intending ...Rd8.} 40. Rd2 Qb7 41. Qd7 (41. b3 $18) 41... Qxd7 $11 42. Nxd7 {[%mdl 4096] Endgame next b3 is good for White. KRB-KRN} Rc8 43. Rc2 {Black must now prevent b3.} Bxa2 44. c6 Bd5 45. Ne5 Kg8 46. Rc5 Kf8 47. Rb5 Bxc6 48. Rxb4 Bd5 49. Ra4 Rc7 (49... Rc2+ {keeps more tension.} 50. Kh3 Rxb2 51. Rxa7 Rb7 52. Rxb7 Bxb7 53. g4 Ke7) 50. b4 Ke7 51. Ra6 Rb7 52. g4 Rxb4 53. Rxa7+ Rb7 54. Ra4 Rb3 55. Ra7+ Rb7 56. Ra1 Rb3 57. Rc1 {Rc7+ is the strong threat.} Kd8 58. Rc2 Ra3 59. Nf7+ Kd7 60. Rb2 Kc7 61. Ne5 Kc8 62. Rf2 Kc7 63. g5 hxg5 64. fxg5 Kd6 65. Nf7+ Ke7 66. Ne5 Ra2 $2 {[%mdl 8192] [#]} (66... Kd6 $11 67. Nf7+ Ke7) 67. Rxa2 $2 (67. Ng6+ $1 $18 Ke8 68. Rxa2 Bxa2 69. h6) 67... Bxa2 {The position is equal.} 68. Kg3 Bb1 69. Kf4 Bc2 70. Nc6+ Kd6 71. Ne5 Ke7 72. Nc6+ {Precision: White = 59%, Black = 49%.} 1/2-1/2

[Event "BL 2017-18"]
[Site "Germany"]
[Date "2018.02.25"]
[Round "10"]
[White "Werle, Jan"]
[Black "Eichler, Christoph"]
[Result "1-0"]
[WhiteElo "2532"]
[BlackElo "2303"]
[Annotator "TA"]
[PlyCount "67"]
[EventDate "2018.05.24"]
[EventType "team-tourn"]
[EventCountry "GER"]
[SourceTitle "playchess.com"]
[Source "ChessBase"]
[SourceQuality "1"]
[WhiteTeam "Werder Bremen"]
[BlackTeam "Zugzwang Muenchen"]

{[%evp 15,67,18,29,0,31,2,58,0,30,0,13,11,20,14,20,18,4,8,17,9,21,23,6,0,0,-38,-30,-107,-92,-135,-140,-164,5,0,132,142,295,289,383,383,29991,29992,29992,29993,29993,29994,29994,29995,29995,29996,29996,29997,29997,29998]} 1. d4 d5 2. c4 e6 3. Nc3 Nf6 4. cxd5 Nxd5 5. e4 Nxc3 6. bxc3 c5 7. Rb1 Be7 {D35: Queen's Gambit Declined: Exchange Variation} 8. Bb5+ (8. Nf3 O-O 9. Bc4 Nc6 10. O-O b6 11. d5 Na5 12. Bd3 c4 13. Bc2 exd5 14. exd5 Bg4 15. Re1 {½-½ (23) Svidler,P (2765)-Wang,H (2709) Riadh 2017}) 8... Nd7 {LiveBook: 3 Games} 9. Nf3 O-O {The position is equal.} 10. O-O Qc7 ({Black should play} 10... a6 $11 11. Bxd7 Bxd7) 11. h4 $146 (11. Re1 $14) ({Predecessor:} 11. a4 Rd8 12. Qe2 Nf8 13. Bd3 Bd7 14. Qa2 Ng6 15. g3 {½-½ (30) Zubov,A (2542)-Kuzmin,G (2479) Evpatoria 2007}) 11... b6 12. Bg5 Bxg5 13. hxg5 Bb7 14. Qe2 Rfd8 15. Rfe1 Rac8 16. Rbd1 cxd4 17. cxd4 Qc3 18. Bxd7 Rxd7 {[#]} 19. d5 $1 {[%mdl 512]} exd5 20. e5 (20. exd5 $5 {[%cal Re2e8]} Qc5 21. Ne5 $16) 20... d4 {White must now prevent ...d3.} 21. Rd3 (21. e6 $11 {remains equal.} Bxf3 22. exd7 Bxe2 23. Rxe2) 21... Qc4 $17 {Hoping for ...Ba6.} 22. g6 hxg6 {And now ...Ba6 would win.} 23. Ng5 Ba6 $2 (23... Re7 $1 $19 {Threatens to win with ...f6.} 24. Qd2 Rd8) 24. e6 $11 fxe6 (24... Re7 $1 $11 {keeps the balance.} 25. exf7+ Qxf7 $1 {[%mdl 512]} 26. Qxe7 Qxe7 27. Rxe7 Bxd3) 25. Qg4 $1 $16 {[%cal Rg4h3]} Rc5 $2 {[#]} (25... Qxa2 $2 26. Ra3 $1 $18 {[%mdl 512]}) (25... Rd6 $16 {was worth a try.} 26. Qh3 Qxd3 27. Qh7+ Kf8 28. Qh8+ Ke7 29. Qxg7+ Kd8 30. Nf7+ Kc7 31. Ne5+ Kb8 32. Nxd3 Bxd3) 26. Rxe6 $1 $18 {[%cal Re6e8][%mdl 512]} Qc1+ {[#]} 27. Kh2 $1 {[%cal Re6e8]} ({Worse is} 27. Rd1 Rxg5 28. Re8+ Kh7 $17) 27... Rxg5 $2 (27... Rc8 28. Rh3 $18) (27... Qxg5 $18 28. Re8+ Kh7 29. Rh3+ {[#]} Qh5 $1 {[%mdl 512]} 30. Qxd7 Bb5) 28. Re8+ {White mates.} Kh7 29. Rh3+ Rh5 30. Rxh5+ gxh5 31. Qf5+ g6 32. Qxd7+ Kh6 33. Rh8+ Kg5 34. Qe7+ {Precision: White = 54%, Black = 32%.} 1-0